|
|
|
|
| LEADER |
01647nam a2200481 4500 |
| 001 |
ocn896701381 |
| 003 |
OCoLC |
| 005 |
20170124070417.9 |
| 006 |
m o d |
| 007 |
cr cnu---unuuu |
| 008 |
141121s2014 gw o 001 0 eng d |
| 040 |
|
|
|a N$T
|b eng
|e rda
|e pn
|c N$T
|d N$T
|d DG1
|d OCLCF
|d DEBBG
|d GrThAP
|
| 020 |
|
|
|a 9783527682775
|q electronic bk.
|
| 020 |
|
|
|a 3527682775
|q electronic bk.
|
| 020 |
|
|
|a 9783527684120
|q electronic bk.
|
| 020 |
|
|
|a 3527684123
|q electronic bk.
|
| 020 |
|
|
|z 9783527337569
|
| 020 |
|
|
|z 3527337563
|
| 029 |
1 |
|
|a NZ1
|b 15914921
|
| 029 |
1 |
|
|a GBVCP
|b 815157231
|
| 029 |
1 |
|
|a DEBBG
|b BV043397313
|
| 035 |
|
|
|a (OCoLC)896701381
|
| 050 |
|
4 |
|a TA1634
|b .K86 2014eb
|
| 072 |
|
7 |
|a COM
|x 000000
|2 bisacsh
|
| 082 |
0 |
4 |
|a 006.37
|2 23
|
| 049 |
|
|
|a MAIN
|
| 100 |
1 |
|
|a Kwon, Kye-Si,
|e author.
|
| 245 |
1 |
0 |
|a Practical guide to machine vision software :
|b an introduction with LabVIEW /
|c Kye-Si Kwon, Steven Ready.
|
| 264 |
|
1 |
|a Weinheim :
|b Wiley-VCH,
|c 2014.
|
| 300 |
|
|
|a 1 online resource.
|
| 336 |
|
|
|a text
|b txt
|2 rdacontent
|
| 337 |
|
|
|a computer
|b c
|2 rdamedia
|
| 338 |
|
|
|a online resource
|b cr
|2 rdacarrier
|
| 500 |
|
|
|a Includes index.
|
| 588 |
0 |
|
|a Print version record.
|
| 650 |
|
0 |
|a Computer vision.
|
| 650 |
|
7 |
|a COMPUTERS / General
|2 bisacsh
|
| 650 |
|
7 |
|a Computer vision.
|2 fast
|0 (OCoLC)fst00872687
|
| 655 |
|
4 |
|a Electronic books.
|
| 700 |
1 |
|
|a Ready, Steven,
|e author.
|
| 776 |
0 |
8 |
|i Print version:
|a Kwon, Kye-Si, author.
|t Practical guide to machine vision software
|z 9783527337569
|w (OCoLC)894611215
|
| 856 |
4 |
0 |
|u https://doi.org/10.1002/9783527682775
|z Full Text via HEAL-Link
|
| 994 |
|
|
|a 92
|b DG1
|